| 000 | 01022nam a22002657a 4500 | ||
|---|---|---|---|
| 005 | 20240530110612.0 | ||
| 008 | 161122s2014 ua ak g ba 000 0 ara d | ||
| 017 |
_a2014/5523 _bمصر . دار الكتب المصرية |
||
| 020 | _a9789774279058 | ||
| 040 | _aEG-CaGPL | ||
| 082 | 0 | 4 |
_221 _a519.5\ _bب م |
| 100 | 0 | _aبركات عبد العزيز | |
| 245 | 1 | 0 |
_aمقدمة في التحليل الاحصائي لبحوث الاعلام / _cبركات عبد العزيز |
| 250 | _aط. 1 | ||
| 260 |
_aالقاهرة : _bالدار المصرية اللبنانية ، _c2014. |
||
| 300 |
_a424 ص. : _bجداول ، اشكال ؛ _c24 سم. |
||
| 490 | 0 | _aالمكتبة الاعلامية | |
| 504 | _aيشتمل على ارجاعات ببليوجرافية | ||
| 650 | 0 | 7 |
_2qrmak _aالاحصاء |
| 650 | 0 | 7 |
_2qrmak _aالاحصاء التحليلي |
| 650 | 0 | 7 |
_2qrmak _aوسائل الاعلام |
| 650 | 0 | 7 |
_2qrmak _aالبحوث |
| 942 |
_2ddc _cBK |
||
| 999 |
_c62879 _d62879 |
||